000 01277nmc a2200433 a 4500
003 AR-BaBNM
005 20251128204501.0
008 011101s1984 ||||||||||||||000 | spa||
020 _a950-13-6115-2
040 _cAR-BaBNM
245 1 0 _aLa educación popular en América Latina
260 _aBuenos Aires
_bKapelusz
_c1984
300 _a127 p.
_btablas
490 0 _aBiblioteca de cultura pedagógica. Educación y sociedad
500 _aAuspiciada por UNESCO, CEPAL Y PNUD
500 _aContiene notas
650 4 _aDESARROLLO DE LA EDUCACION
650 4 _aMOVIMIENTO OBRERO
650 4 _aMOVIMIENTOS POLITICOS
650 4 _aMOVIMIENTOS ESTUDIANTILES
650 4 _aPAPEL DE LA EDUCACION
650 4 _aIGLESIA Y EDUCACION
650 4 _aSISTEMAS ESCOLARES
650 4 _aRELACION ESCUELA-COMUNIDAD
650 4 _aEDUCACION NO FORMAL
650 4 _aRENDIMIENTO DE LA EDUCACION
650 4 _aEXTENSION CULTURAL
651 4 _aPerú
651 4 _aAmérica Latina
653 _aEDUCACION POPULAR
653 _aMARGINACION EDUCATIVA
700 1 _aParra, Rodrigo
700 1 _aRama, Germán W.
700 1 _aRivero Herrera, José
700 1 _aTedesco, Juan Carlos
800 1 _aTedesco, Juan Carlos
_edirector
942 _cBK
998 _cGrace
999 _c7607
_d7607